000 00823nam a2200205 a 4500
001 000254942
003 AM-YeHGA
005 20250618071718.0
008 030819s1990 ai 000 | arm d
020 _a5807704886
040 _aAM-YeHGA
100 1 _aԱղաջանյան, Պավել Նիկողոսի
245 1 0 _aՈւշացած գարուն :
_bԲանաստեղծություններ /
_cՊ.Ն. Աղաջանյան; Խմբ.՝ Մ.Վ. Միքայելյան; Նկ.՝ Խ.Զ. Հակոբյան.
260 _aԵրևան :
_bԱրևիկ,
_c1990.
300 _a170 էջ :
_bդիմանկ., նկ. ;
_c16 սմ.
650 1 4 _aՀայ գրականություն
_xՊոեզիա
700 1 _aՄիքայելյան, Մ.Վ.
_eխմբ.
_4edt
700 1 _aՀակոբյան, Խորեն Զավենի,
_d1945-
_eնկ.
_4art
_93428
090 _c93060
999 _c91761
_d91761